| 000 | 00603nam 22001933 4500 | ||
|---|---|---|---|
| 001 | 199154 | ||
| 090 | _a199154 | ||
| 100 | _a20251119d u||y0pory50 ba | ||
| 200 |
_aA população _fAlfred Sauvy _gtradução de Ramiro da Fonseca |
||
| 210 |
_aLisboa _cLivros do Brasil _dcop. 1944 |
||
| 215 |
_a178, [14] p. _cil. ; brochado _d22 cm |
||
| 225 |
_aVida e cultura _h76 |
||
| 606 |
_935 _aSociologia. Demografia.Estatística |
||
| 675 |
_a31 _vPT _zpor |
||
| 700 |
_915048 _aSauvy _bAlfred _f1898-1990 |
||
| 702 |
_915051 _aFonseca _bRamiro da _f1911-1991 |
||
| 801 |
_aPT _bBMMN _gRPC |
||
| 830 | _cVanda | ||
| 990 | _cLIVROS | ||